Comentario a la ley 26993 de constitución de nuevos fueros judiciales nacionales para "encausar y dar solución a las controversias originadas en el ámbito de las relaciones de consumo" (Registro nro. 30394)
[ vista simple ]
| 000 -LEADER | |
|---|---|
| fixed length control field | 00479 a2200109 4500 |
| 001 - CONTROL NUMBER | |
| control field | ART_28155 |
| 005 - DATE AND TIME OF LATEST TRANSACTION | |
| control field | 20260410161951.0 |
| 008 - FIXED-LENGTH DATA ELEMENTS--GENERAL INFORMATION | |
| fixed length control field | 260409a |
| 100 1# - MAIN ENTRY--PERSONAL NAME | |
| Personal name | Agnello, Pablo S. |
| 245 10 - TITLE STATEMENT | |
| Title | Comentario a la ley 26993 de constitución de nuevos fueros judiciales nacionales para "encausar y dar solución a las controversias originadas en el ámbito de las relaciones de consumo" |
| 773 0# - HOST ITEM ENTRY | |
| Title | Temas de derecho comercial |
| Related parts | - Año 1, Nº 2 (feb. 2015) |
| Record control number | REV28151 |
No hay ítems disponibles.